[Event "Hastings Masters"]
[Site "Hastings, England"]
[Date "2015.01.06"]
[Round "9.23"]
[White "Eames, Robert S"]
[WhiteElo "2237"]
[Black "Taylor, Adam C"]
[BlackElo "2056"]
[Result "0-1"]

1. e4 {[%clk 1:38:27]} e5 {[%clk 1:40:54]} 2. Nf3 {[%clk 1:37:34]} Nc6
{[%clk 1:41:19]} 3. Bb5 {[%clk 1:37:54]} Nf6 {[%clk 1:41:43]} 4. d3
{[%clk 1:37:06]} Bc5 5. c3 O-O {[%clk 1:30:36]} 6. Bxc6 {[%clk 1:36:30]} bxc6
{[%clk 1:27:55]} 7. Nxe5 {[%clk 1:34:43]} Re8 {[%clk 1:00:37]} 8. Nf3 d5 9. e5
{[%clk 1:34:56]} Bg4 {[%clk 1:00:55]} 10. O-O {[%clk 1:32:07]} Nd7
{[%clk 0:59:37]} 11. d4 {[%clk 1:31:53]} Bb6 {[%clk 0:59:48]} 12. h3 Bh5
{[%clk 0:59:15]} 13. g4 {[%clk 1:25:40]} Bg6 {[%clk 0:59:30]} 14. Bg5
{[%clk 1:25:45]} f6 {[%clk 0:49:34]} 15. exf6 {[%clk 1:22:41]} gxf6
{[%clk 0:49:19]} 16. Bh6 {[%clk 1:18:11]} c5 {[%clk 0:48:19]} 17. Nbd2
{[%clk 1:15:58]} cxd4 {[%clk 0:44:06]} 18. cxd4 {[%clk 1:15:05]} c5
{[%clk 0:41:00]} 19. Qb3 {[%clk 1:08:40]} c4 {[%clk 0:37:57]} 20. Qb5
{[%clk 1:08:03]} Nf8 {[%clk 0:33:13]} 21. Rfe1 {[%clk 1:04:42]} Qd6
{[%clk 0:27:15]} 22. Rxe8 {[%clk 0:59:18]} Bxe8 {[%clk 0:24:49]} 23. Qa6 Ne6
{[%clk 0:24:37]} 24. Re1 {[%clk 0:52:56]} Nc7 {[%clk 0:24:47]} 25. Qa3
{[%clk 0:51:13]} Qxa3 {[%clk 0:24:57]} 26. bxa3 {[%clk 0:51:37]} Bf7
{[%clk 0:20:20]} 27. g5 {[%clk 0:50:09]} fxg5 {[%clk 0:19:05]} 28. Bxg5
{[%clk 0:49:17]} Re8 {[%clk 0:19:19]} 29. Be3 {[%clk 0:48:15]} Nb5
{[%clk 0:16:24]} 30. Kh1 {[%clk 0:48:21]} Bg6 {[%clk 0:15:15]} 31. Rg1
{[%clk 0:48:21]} Bc7 {[%clk 0:06:06]} 32. Rg5 {[%clk 0:46:38]} Nc3
{[%clk 0:04:40]} 33. h4 {[%clk 0:44:55]} Kf7 {[%clk 0:03:02]} 34. h5
{[%clk 0:43:50]} Bd3 {[%clk 0:03:28]} 35. Rg1 {[%clk 0:32:57]} Ne4
{[%clk 0:03:43]} 36. Ng5+ {[%clk 0:32:23]} Nxg5 {[%clk 0:03:52]} 37. Rxg5
{[%clk 0:32:47]} c3 {[%clk 0:02:24]} 38. Nb3 {[%clk 0:28:52]} Rg8
{[%clk 0:01:36]} 39. Rxg8 {[%clk 0:28:42]} Kxg8 40. Kg2 {[%clk 0:21:13]} Bd6
{[%clk 0:01:48]} 41. a4 {[%clk 0:19:48]} Bb1 42. Nc1 Kf7 {[%clk 0:38:10]} 43. Kf3
{[%clk 0:59:32]} Bf5 {[%clk 0:36:58]} 44. Bf4 {[%clk 0:58:16]} Ba3 45. Kg3
{[%clk 0:36:27]} Bd7 {[%clk 0:35:33]} 46. a5 {[%clk 0:30:11]} Bb5
{[%clk 0:30:47]} 47. Kg4 {[%clk 0:25:27]} Bc4 {[%clk 0:25:40]} 48. Kf5
{[%clk 0:23:04]} Bb4 {[%clk 0:25:24]} 49. Nb3 {[%clk 0:19:12]} Be7 50. Ke5
{[%clk 0:16:54]} a6 {[%clk 0:22:50]} 51. Bc1 {[%clk 0:16:19]} Bh4
{[%clk 0:18:29]} 52. Be3 {[%clk 0:12:50]} Ke7 {[%clk 0:18:30]} 53. Nc1
{[%clk 0:10:13]} Bf6+ 54. Kf5 Kf7 {[%clk 0:16:39]} 55. a4 {[%clk 0:09:38]} Bd8
{[%clk 0:15:35]} 56. f4 {[%clk 0:06:42]} Bxa5 {[%clk 0:10:45]} 57. Kg5
{[%clk 0:06:33]} Bd8+ {[%clk 0:10:08]} 58. Kh6 {[%clk 0:05:18]} Bh4
{[%clk 0:10:11]} 59. f5 {[%clk 0:04:19]} Be1 {[%clk 0:07:12]} 60. Kg5
{[%clk 0:04:21]} Bd2 {[%clk 0:07:15]} 61. Kf4 {[%clk 0:04:18]} Kf6
{[%clk 0:07:30]} 62. Kf3 {[%clk 0:04:11]} Bxe3 {[%clk 0:07:40]} 63. Kxe3
{[%clk 0:04:34]} Kxf5 {[%clk 0:08:02]} 64. Nd3 {[%clk 0:04:03]} c2
{[%clk 0:08:06]} 65. Nc1 {[%clk 0:04:15]} a5 {[%clk 0:06:40]} 0-1

[Event "Hastings Masters"]
[Site "Hastings, England"]
[Date "2015.01.06"]
[Round "9.24"]
[White "Rolvag, Mikael"]
[WhiteElo "2191"]
[Black "Othman, Mustapha"]
[BlackElo "1973"]
[Result "1/2-1/2"]

1. c4 {[%clk 1:40:56]} e5 {[%clk 1:36:40]} 2. g3 {[%clk 1:39:25]} Nf6
{[%clk 1:36:40]} 3. Bg2 {[%clk 1:39:25]} Bc5 {[%clk 1:28:19]} 4. Nc3
{[%clk 1:35:39]} O-O {[%clk 1:23:54]} 5. e3 Re8 6. Nge2 {[%clk 1:16:51]} d5
{[%clk 1:17:06]} 7. cxd5 c6 {[%clk 1:17:27]} 8. O-O {[%clk 1:15:41]} cxd5
{[%clk 1:12:30]} 9. d4 {[%clk 4:52:50]} Bb6 {[%clk 0:58:26]} 10. dxe5
{[%clk 1:03:50]} Rxe5 {[%clk 0:58:12]} 11. b3 {[%clk 0:57:14]} Nc6
{[%clk 0:45:30]} 12. Na4 {[%clk 0:55:19]} Bc7 {[%clk 0:41:16]} 13. Bb2
{[%clk 0:54:59]} Rg5 {[%clk 0:37:57]} 14. Nc5 {[%clk 0:46:14]} Qe7
{[%clk 0:24:16]} 15. Nd3 {[%clk 0:44:28]} Bg4 {[%clk 0:22:09]} 16. Qc2
{[%clk 0:40:21]} Rd8 {[%clk 0:15:38]} 17. Nd4 {[%clk 0:36:54]} Bd7
{[%clk 0:06:11]} 18. Nf4 {[%clk 0:34:20]} Bb6 {[%clk 0:03:37]} 19. Rad1
{[%clk 0:31:34]} Ne5 {[%clk 0:03:18]} 20. Nf3 {[%clk 0:15:31]} Bf5
{[%clk 0:03:01]} 21. Qc1 {[%clk 0:11:54]} Nxf3+ {[%clk 0:02:29]} 22. Bxf3
{[%clk 0:12:16]} Be4 {[%clk 0:02:49]} 23. Bg2 {[%clk 0:12:14]} Ng4
{[%clk 0:01:22]} 1/2-1/2

[Event "Hastings Masters"]
[Site "Hastings, England"]
[Date "2015.01.06"]
[Round "9.25"]
[White "Flear, Christine"]
[WhiteElo "2181"]
[Black "Slade, Theodore"]
[BlackElo "1869"]
[Result "1/2-1/2"]

1. d4 {[%clk 1:40:55]} Nf6 {[%clk 1:40:52]} 2. c4 {[%clk 1:41:14]} e6
{[%clk 1:41:18]} 3. g3 {[%clk 1:41:22]} d5 {[%clk 1:41:43]} 4. Bg2
{[%clk 1:41:11]} Be7 {[%clk 1:42:07]} 5. Nf3 {[%clk 1:41:27]} O-O
{[%clk 1:42:19]} 6. O-O {[%clk 1:41:44]} dxc4 7. Nc3 {[%clk 1:29:00]} Nc6
{[%clk 1:23:57]} 8. e4 a6 9. e5 {[%clk 1:12:22]} Nd5 {[%clk 1:18:37]} 10. Ne4
{[%clk 1:12:43]} b5 {[%clk 1:02:31]} 11. Qe2 {[%clk 0:38:59]} Bb7
{[%clk 0:52:49]} 12. Rd1 {[%clk 0:37:47]} Qd7 {[%clk 0:45:54]} 13. h4
{[%clk 0:30:15]} f5 {[%clk 0:36:31]} 14. exf6 {[%clk 0:28:32]} Nxf6
{[%clk 0:36:09]} 15. Neg5 {[%clk 0:27:50]} Bd6 {[%clk 0:29:33]} 16. Qxe6+
{[%clk 0:18:28]} Qxe6 {[%clk 0:28:05]} 17. Nxe6 {[%clk 0:18:54]} Rfe8
{[%clk 0:28:31]} 18. Nf4 {[%clk 0:18:31]} Nb4 {[%clk 0:27:31]} 19. Bd2
{[%clk 0:16:18]} 1/2-1/2

[Event "Hastings Masters"]
[Site "Hastings, England"]
[Date "2015.01.06"]
[Round "9.26"]
[White "Rayner, Francis"]
[WhiteElo "2148"]
[Black "Wettasinha, Vasanta"]
[BlackElo "1761"]
[Result "1-0"]

1. e4 {[%clk 1:40:53]} c5 {[%clk 1:40:58]} 2. Nf3 {[%clk 1:41:07]} g6
{[%clk 1:41:16]} 3. d4 {[%clk 1:40:13]} cxd4 {[%clk 1:41:07]} 4. Qxd4
{[%clk 1:39:55]} Nf6 {[%clk 1:41:31]} 5. e5 {[%clk 1:40:11]} Nc6 {[%clk 1:41:57]}
6. Qa4 {[%clk 1:40:33]} Nd5 7. Qe4 {[%clk 1:34:01]} e6 {[%clk 1:34:34]} 8. Bc4
{[%clk 1:20:41]} Nde7 {[%clk 1:31:16]} 9. Nc3 {[%clk 1:14:15]} a6
{[%clk 1:25:12]} 10. Qe2 {[%clk 1:14:15]} Bg7 11. Bf4 {[%clk 1:11:33]} Qc7
{[%clk 1:21:23]} 12. O-O-O f5 {[%clk 1:14:51]} 13. h4 {[%clk 1:00:02]} b5
{[%clk 1:08:39]} 14. Bb3 {[%clk 0:58:47]} Bb7 {[%clk 1:07:55]} 15. h5
{[%clk 0:44:49]} O-O-O {[%clk 1:06:49]} 16. h6 {[%clk 0:44:46]} Bf8
{[%clk 1:01:52]} 17. Ng5 {[%clk 0:44:08]} Na5 {[%clk 0:58:34]} 18. Nf7
{[%clk 0:39:03]} Nxb3+ {[%clk 0:58:47]} 19. axb3 {[%clk 0:39:22]} Rg8
{[%clk 0:53:36]} 20. Nxd8 {[%clk 0:38:28]} Qxd8 {[%clk 0:53:30]} 21. f3
{[%clk 0:35:37]} Qa5 {[%clk 0:50:38]} 22. Kb1 {[%clk 0:33:25]} b4
{[%clk 0:48:42]} 23. Na4 {[%clk 0:30:39]} Nd5 {[%clk 0:45:04]} 24. Be3
{[%clk 0:24:45]} Bc6 {[%clk 0:37:05]} 25. Qf2 {[%clk 0:17:06]} Bxa4
{[%clk 0:31:34]} 26. bxa4 {[%clk 0:17:31]} Be7 {[%clk 0:26:00]} 27. Rd4
{[%clk 0:14:41]} Kb7 {[%clk 0:24:26]} 28. Rc4 {[%clk 0:13:21]} Qxa4
{[%clk 0:23:46]} 29. Rd1 {[%clk 0:11:28]} Qb5 {[%clk 0:23:05]} 30. Rdd4
{[%clk 0:07:48]} a5 {[%clk 0:17:01]} 31. Qe2 {[%clk 0:06:24]} Ka6
{[%clk 0:06:45]} 32. Qd3 {[%clk 0:06:06]} Rb8 {[%clk 0:04:55]} 33. Bf2
{[%clk 0:03:51]} Rb7 {[%clk 0:05:11]} 34. Rc8 {[%clk 0:03:24]} Bc5
{[%clk 0:03:36]} 35. Rxc5 {[%clk 0:03:21]} Rb8 36. Rcc4 1-0

[Event "Hastings Masters"]
[Site "Hastings, England"]
[Date "2015.01.06"]
[Round "9.27"]
[White "Low, Zhen Yu Cyrus"]
[WhiteElo "2028"]
[Black "Burrows, Martin P"]
[BlackElo "2128"]
[Result "0-1"]

1. e4 {[%clk 1:40:58]} c5 {[%clk 1:40:54]} 2. Nf3 {[%clk 1:41:24]} e6
{[%clk 1:41:14]} 3. d4 {[%clk 1:41:41]} cxd4 {[%clk 1:41:34]} 4. Nxd4
{[%clk 1:42:08]} a6 {[%clk 1:41:49]} 5. c4 {[%clk 1:42:36]} Nf6 {[%clk 1:41:34]}
6. Nc3 {[%clk 1:43:05]} Qc7 {[%clk 1:41:46]} 7. a3 {[%clk 1:43:34]} b6
{[%clk 1:41:16]} 8. Be3 {[%clk 1:43:46]} Bb7 {[%clk 1:38:53]} 9. f3
{[%clk 1:43:46]} d6 {[%clk 1:38:53]} 10. Be2 {[%clk 1:43:46]} Be7 11. O-O Nbd7
12. Rc1 {[%clk 1:42:13]} O-O {[%clk 1:38:53]} 13. b4 {[%clk 1:42:33]} Rac8 14.
Kh1 {[%clk 1:42:00]} Qb8 {[%clk 1:37:14]} 15. Na4 {[%clk 1:42:17]} Bd8
{[%clk 1:26:59]} 16. Bg1 {[%clk 1:42:12]} Bc7 {[%clk 1:19:44]} 17. Nb3
{[%clk 1:42:12]} h5 {[%clk 1:06:43]} 18. Qe1 {[%clk 1:40:52]} Rfe8
{[%clk 1:03:08]} 19. Rc2 {[%clk 1:37:47]} Qa8 20. Qf2 {[%clk 1:28:03]} Bc6
{[%clk 0:52:48]} 21. Nb2 {[%clk 1:28:21]} d5 {[%clk 0:47:22]} 22. exd5
{[%clk 1:16:06]} exd5 {[%clk 0:47:33]} 23. c5 {[%clk 1:16:12]} bxc5
{[%clk 0:45:48]} 24. Nxc5 {[%clk 1:15:13]} Nxc5 {[%clk 0:42:39]} 25. bxc5
{[%clk 1:11:43]} Rb8 {[%clk 0:39:33]} 26. Nd3 {[%clk 1:02:58]} Rb3
{[%clk 0:38:21]} 27. Ra1 {[%clk 1:03:03]} a5 {[%clk 0:38:15]} 28. a4
{[%clk 1:01:23]} Qb8 {[%clk 0:29:55]} 29. Qd4 {[%clk 0:49:37]} Re6
{[%clk 0:25:18]} 30. Bd1 {[%clk 0:46:33]} Nd7 {[%clk 0:17:30]} 31. Rcc1
{[%clk 0:40:51]} Rb7 {[%clk 0:16:59]} 32. Qh4 {[%clk 0:36:33]} Ne5
{[%clk 0:14:36]} 33. Bc2 {[%clk 0:34:37]} Nxd3 {[%clk 0:12:57]} 34. Bxd3
{[%clk 0:34:56]} Rb4 {[%clk 0:13:02]} 35. Qh3 {[%clk 0:33:10]} Bxa4
{[%clk 0:11:02]} 36. Qf5 {[%clk 0:32:00]} g6 {[%clk 0:09:09]} 37. Qxd5
{[%clk 0:32:19]} Bc6 {[%clk 0:08:56]} 38. Qa2 {[%clk 0:32:12]} Rb2
{[%clk 0:04:32]} 39. Qc4 {[%clk 0:29:08]} Bb5 {[%clk 0:02:52]} 40. Qc3
{[%clk 0:25:56]} Bxd3 {[%clk 0:02:56]} 41. Qxd3 {[%clk 0:19:50]} Ree2
{[%clk 0:02:20]} 42. Re1 {[%clk 0:09:27]} Rxg2 {[%clk 0:45:16]} 43. Qe4
{[%clk 0:52:52]} Rxh2+ {[%clk 0:41:11]} 44. Bxh2 {[%clk 0:53:14]} Rxh2+
{[%clk 0:41:35]} 45. Kg1 {[%clk 0:53:36]} Qb2 {[%clk 0:41:46]} 46. Qe8+
{[%clk 0:44:39]} Kg7 {[%clk 0:41:56]} 0-1

[Event "Hastings Masters"]
[Site "Hastings, England"]
[Date "2015.01.06"]
[Round "9.28"]
[White "Armstrong, Malcolm J"]
[WhiteElo "2086"]
[Black "Roggensack, Hans Peter"]
[BlackElo "2010"]
[Result "0-1"]

1. d4 {[%clk 1:40:54]} d5 {[%clk 1:40:43]} 2. Nf3 {[%clk 1:41:13]} c5
{[%clk 1:40:52]} 3. c4 {[%clk 1:40:19]} e6 {[%clk 1:40:54]} 4. Nc3
{[%clk 1:33:02]} dxc4 {[%clk 1:33:54]} 5. e3 Nc6 {[%clk 1:34:08]} 6. Bxc4
{[%clk 1:30:06]} Nf6 7. O-O {[%clk 1:27:32]} cxd4 {[%clk 1:34:25]} 8. exd4
{[%clk 1:27:16]} Be7 9. Bg5 {[%clk 1:14:29]} O-O {[%clk 1:34:53]} 10. Re1
{[%clk 1:11:03]} b6 11. a3 {[%clk 1:02:59]} Bb7 {[%clk 1:30:23]} 12. Bd3 Rc8
{[%clk 1:27:22]} 13. Rc1 {[%clk 0:55:50]} h6 {[%clk 1:23:26]} 14. Bh4
{[%clk 0:48:47]} Rc7 {[%clk 1:22:14]} 15. Bc2 Rd7 16. Bxf6 {[%clk 0:36:35]} Bxf6
{[%clk 1:21:50]} 17. Qd3 {[%clk 0:36:10]} g6 {[%clk 1:16:33]} 18. Qe3
{[%clk 0:13:20]} Kg7 19. Nb5 a6 {[%clk 1:16:09]} 20. Be4 {[%clk 0:13:37]} Qa8
{[%clk 1:15:31]} 21. Nc3 {[%clk 0:12:19]} Nxd4 {[%clk 1:14:53]} 22. Bxb7
{[%clk 0:10:44]} Qxb7 {[%clk 1:15:18]} 23. Ne4 {[%clk 0:10:52]} Nxf3+
{[%clk 1:13:32]} 24. Qxf3 {[%clk 0:10:55]} Bxb2 {[%clk 1:13:11]} 25. Rb1
{[%clk 0:07:43]} Bd4 {[%clk 1:13:17]} 26. Red1 {[%clk 0:07:59]} f5
{[%clk 1:10:25]} 27. Nd2 {[%clk 0:07:11]} Qxf3 {[%clk 1:10:11]} 28. Nxf3
{[%clk 0:07:31]} Rfd8 {[%clk 1:09:58]} 29. Kf1 {[%clk 0:07:50]} Bc5
{[%clk 1:09:22]} 30. Rxd7+ {[%clk 0:07:39]} Rxd7 {[%clk 1:09:49]} 31. Ke2
{[%clk 0:06:58]} Kf6 {[%clk 1:09:28]} 32. Rb3 {[%clk 0:07:18]} e5
{[%clk 1:06:07]} 33. Ne1 {[%clk 0:07:28]} e4 {[%clk 1:06:14]} 34. f3
{[%clk 0:06:00]} Ke5 {[%clk 1:03:52]} 35. fxe4 {[%clk 0:04:08]} fxe4
{[%clk 1:04:18]} 36. Nc2 {[%clk 0:02:37]} Rd3 {[%clk 1:04:00]} 37. Rxd3
{[%clk 0:02:52]} exd3+ {[%clk 1:04:28]} 38. Kxd3 {[%clk 0:03:13]} Bg1
{[%clk 1:04:37]} 39. Ne1 {[%clk 0:03:32]} Bc5 {[%clk 1:04:09]} 40. Nc2
{[%clk 0:02:28]} Kf4 {[%clk 1:01:12]} 41. a4 {[%clk 0:42:31]} Kg4
{[%clk 1:44:51]} 42. Ne1 {[%clk 0:32:54]} b5 {[%clk 1:40:21]} 43. axb5
{[%clk 0:33:17]} axb5 {[%clk 1:40:48]} 44. Kc3 {[%clk 0:25:49]} h5
{[%clk 1:36:40]} 45. Nd3 {[%clk 0:24:37]} Bd6 {[%clk 1:36:31]} 46. Nf2+
{[%clk 0:24:03]} Kf5 {[%clk 1:36:30]} 47. h3 {[%clk 0:21:15]} Kf4
{[%clk 1:35:31]} 48. Kd4 {[%clk 0:16:27]} Be7 {[%clk 1:35:29]} 49. g4
{[%clk 0:13:47]} h4 {[%clk 1:35:03]} 50. Ne4 {[%clk 0:12:01]} b4 {[%clk 1:35:15]}
51. Nd2 {[%clk 0:11:08]} Bf6+ {[%clk 1:34:22]} 52. Kd3 {[%clk 0:11:24]} Bc3
{[%clk 1:34:47]} 53. Ne4 {[%clk 0:09:45]} Kf3 {[%clk 1:33:31]} 54. Nc5
{[%clk 0:07:32]} Kg2 {[%clk 1:30:05]} 55. Ke4 {[%clk 0:05:55]} Kxh3
{[%clk 1:30:11]} 56. Kf3 {[%clk 0:05:39]} Kh2 {[%clk 1:30:13]} 57. g5
{[%clk 0:04:46]} h3 {[%clk 1:30:16]} 58. Ne4 {[%clk 0:04:57]} Kg1
{[%clk 1:30:17]} 0-1

[Event "Hastings Masters"]
[Site "Hastings, England"]
[Date "2015.01.06"]
[Round "9.29"]
[White "Ternault, Mathieu"]
[WhiteElo "2225"]
[Black "Pickersgill, Adrian O"]
[BlackElo "1994"]
[Result "1/2-1/2"]

1. d4 d6 2. c4 e5 3. d5 f5 4. e4 Nf6 5. exf5 Bxf5 6. Nc3 Be7 7. Nge2 O-O 8. Ng3
Bg6 9. Bd3 Qe8 10. O-O Na6 11. Bxg6 Qxg6 12. Qe2 Rf7 13. Nce4 Nxe4 14. Nxe4
Raf8 15. f3 Nb8 16. b4 Nd7 17. Be3 a6 18. Rac1 h6 1/2-1/2

[Event "Hastings Masters"]
[Site "Hastings, England"]
[Date "2015.01.06"]
[Round "9.30"]
[White "Sugden, John N"]
[WhiteElo "2105"]
[Black "Fryer, David W"]
[BlackElo "2004"]
[Result "1/2-1/2"]

1. d4 d5 2. c4 e6 3. Nc3 Nf6 4. Bg5 Be7 5. e3 h6 6. Bxf6 Bxf6 7. cxd5 exd5 8.
Bd3 O-O 9. Nf3 c5 10. dxc5 Bxc3+ 11. bxc3 Qa5 12. Qd2 Qxc5 13. O-O Nc6 14. Bc2
Ne7 15. Nd4 a6 16. Rfc1 Bd7 17. Qd3 g6 18. Qd2 Kh7 19. Bb3 Nc6 20. Ne2 Be6 21.
Nf4 Rad8 22. Qe2 Rd7 23. e4 Ne7 24. Rc2 Qb6 25. Rd1 dxe4 26. Nxe6 Rxd1+ 27.
Qxd1 fxe6 28. Qd7 Rf7 29. Re2 e5 30. Qe8 Rg7 31. Rxe4 Qc6 32. Qxc6 Nxc6 33. Kf1
Rd7 34. Ke2 Kg7 35. Re3 Kf6 36. Bc2 Ne7 37. Rf3+ Kg7 38. Be4 Nd5 39. g3 Nf6 40.
Rd3 Rc7 41. f3 1/2-1/2

[Event "Hastings Masters"]
[Site "Hastings, England"]
[Date "2015.01.06"]
[Round "9.31"]
[White "Vanheirzeele, Daniel"]
[WhiteElo "2081"]
[Black "Baterdene, Tsogbayar"]
[BlackElo "1981"]
[Result "1/2-1/2"]

1. d4 d5 2. c4 c6 3. Nf3 Nf6 4. Qb3 e6 5. g3 Nbd7 6. Bg2 Bd6 7. O-O O-O 8. Nc3
dxc4 9. Qxc4 Re8 10. Rd1 Qc7 11. Ng5 a5 12. Nge4 Nxe4 13. Nxe4 Bf8 14. Bf4 Qb6
15. Qc2 h6 16. Bd6 Bxd6 17. Nxd6 Rf8 18. Rac1 Qb4 19. Nc4 Qe7 20. e4 e5 21. d5
cxd5 22. exd5 f5 23. d6 Qf6 24. Ne3 Rb8 25. Qc7 e4 26. b3 b6 27. Nd5 Qe6 28.
Ne7+ Kh7 29. Nxc8 Rfxc8 30. Qxc8 Rxc8 31. Rxc8 Ne5 32. Rc3 b5 33. Bf1 b4 34.
Re3 f4 35. d7 1/2-1/2

[Event "Hastings Masters"]
[Site "Hastings, England"]
[Date "2015.01.06"]
[Round "9.32"]
[White "Larsen, Andreas"]
[WhiteElo "2010"]
[Black "Fraser, John"]
[BlackElo "1934"]
[Result "1-0"]

1. b4 e5 2. Bb2 Bxb4 3. Bxe5 Nf6 4. Nf3 Nc6 5. Bg3 d5 6. e3 O-O 7. Be2 Re8 8.
O-O Ne7 9. c4 c6 10. Qb3 Bd6 11. Nc3 Bxg3 12. fxg3 b6 13. cxd5 Nexd5 14. Nd4 c5
15. Nxd5 Nxd5 16. Bb5 cxd4 17. Bxe8 Be6 18. Bxf7+ Bxf7 19. Rxf7 Kxf7 20. e4 Qg5
21. exd5 Qe5 22. d6+ Kg6 23. Rf1 Qxd6 24. Qf7+ Kh6 25. Rf4 Qg6 26. Rh4+ Kg5 27.
Qf4# 1-0

[Event "Hastings Masters"]
[Site "Hastings, England"]
[Date "2015.01.06"]
[Round "9.34"]
[White "Norinkeviciute, Rasa"]
[WhiteElo "2009"]
[Black "ter Steeg, Marcus, Dr."]
[BlackElo "2000"]
[Result "1/2-1/2"]

1. c4 c5 2. g3 Nc6 3. Bg2 g6 4. Nc3 Bg7 5. Nf3 e5 6. e4 Nge7 7. O-O O-O 8. d3
f5 9. Nd5 fxe4 10. dxe4 h6 11. h3 d6 12. Nh2 Nxd5 13. Qxd5+ Kh8 14. Qd3 Nd4 15.
Ng4 Bxg4 16. hxg4 Qd7 17. f3 Rf7 18. Bd2 Raf8 19. Rf2 b5 20. cxb5 Qxb5 21. Qxb5
Nxb5 22. Be3 g5 23. Rd1 Nd4 24. Bxd4 exd4 25. Rc2 Rb8 26. b3 a5 27. Kf2 a4 28.
bxa4 Ra7 29. Bf1 Rxa4 30. Bc4 Be5 31. Bb3 Rab4 32. Rd3 Kg7 33. Rd1 Kg6 34. Rd3
h5 35. gxh5+ Kxh5 36. Kg2 Kg6 37. Kh3 Rh8+ 38. Kg4 Rh1 39. a3 Rb8 40. f4 gxf4
41. gxf4 Rg1+ 42. Kf3 Bxf4 43. Rg2+ Rxg2 44. Kxg2 Bc1 45. Bd5 Rb2+ 46. Kf1 Rb6
47. a4 Ra6 48. Rg3+ Kf6 49. Rf3+ Ke7 50. Bb3 Kd7 51. Bc4 Rb6 52. Rf7+ Kd8
1/2-1/2

[Event "Hastings Masters"]
[Site "Hastings, England"]
[Date "2015.01.06"]
[Round "9.35"]
[White "Barton, R Alan"]
[WhiteElo "2042"]
[Black "Da Ces, Philippe"]
[BlackElo "1978"]
[Result "1/2-1/2"]

1. d4 d5 2. Nf3 Nf6 3. Bf4 c5 4. e3 Nc6 5. c3 Qb6 6. Qb3 c4 7. Qc2 Bf5 8. Qc1
Qd8 9. Ne5 Nxe5 10. dxe5 Nd7 11. Be2 e6 12. O-O Be7 13. Nd2 Nc5 14. Nf3 Bd3 15.
Qd1 O-O 16. Nd4 Qd7 17. Bg3 f6 18. exf6 Bxf6 19. Re1 Bxe2 20. Rxe2 e5 21. Nf3
e4 22. Nd4 Nd3 23. Rd2 Bxd4 24. exd4 Rae8 25. Qe2 Qf5 26. Qe3 Qf6 27. h3 a6 28.
b3 cxb3 29. axb3 h5 30. h4 Re6 31. Ra5 Qd8 32. b4 Rc6 33. Rxd3 exd3 34. Qxd3
Qd7 35. Rc5 Qf5 36. Qe2 Rxc5 37. dxc5 Qb1+ 38. Kh2 Qf5 39. Qe7 Rf7 40. Qe8+ Rf8
41. Qe7 Rf7 42. Qe8+ Rf8 43. Qe7 Rf7 1/2-1/2

[Event "Hastings Masters"]
[Site "Hastings, England"]
[Date "2015.01.06"]
[Round "9.36"]
[White "Froewis, Annika"]
[WhiteElo "2036"]
[Black "Shepley, Julien M"]
[BlackElo "1942"]
[Result "0-1"]

1. e4 c5 2. Nf3 a6 3. c3 e6 4. e5 d5 5. d4 Bd7 6. Be3 Qc7 7. Be2 Nc6 8. O-O f6
9. exf6 Nxf6 10. dxc5 Ng4 11. Qd2 Nxe3 12. Qxe3 Be7 13. b4 a5 14. Bb5 axb4 15.
Bxc6 Qxc6 16. cxb4 Bf6 17. Nd4 Qc8 18. Nc3 O-O 19. f4 Ra3 20. Rad1 Re8 21. Qc1
Qa8 22. Rfe1 Qa6 23. Kh1 Ra8 24. b5 Qa5 25. Nce2 Rxa2 26. c6 bxc6 27. bxc6 Bc8
28. Qe3 Ra3 29. Nb3 Qa4 30. Rd3 Qxc6 31. Rc1 Qd6 32. Ned4 Qb6 33. g4 Bd7 34. g5
Bxd4 35. Nxd4 Qb2 36. Rcd1 Rxd3 37. Qxd3 Ra2 38. Qg3 Ba4 39. Re1 Qxd4 40. f5 e5
41. f6 Ra1 42. Rxa1 Qxa1+ 43. Kg2 Qb2+ 44. Kg1 Qd4+ 45. Kg2 Qe4+ 46. Kg1 gxf6
47. gxf6+ Qg6 0-1

[Event "Hastings Masters"]
[Site "Hastings, England"]
[Date "2015.01.06"]
[Round "9.37"]
[White "Wallis, Ian J"]
[WhiteElo "2009"]
[Black "Akshay V Halagannavar"]
[BlackElo "1881"]
[Result "0-1"]

1. e4 c5 2. Nf3 Nc6 3. d4 cxd4 4. Nxd4 Nf6 5. Nc3 e5 6. Ndb5 d6 7. Bg5 a6 8.
Na3 b5 9. Bxf6 gxf6 10. Nd5 f5 11. Bd3 Be6 12. O-O Bg7 13. c3 O-O 14. Qh5 f4
15. Nc2 f6 16. a4 bxa4 17. Rxa4 a5 18. Rfa1 Rb8 19. R1a2 Bf7 20. Qe2 Kh8 21.
Na3 Ne7 22. c4 Nxd5 23. cxd5 f5 24. Nc4 f3 25. Qxf3 fxe4 26. Qxe4 Bg6 27. Qe2
e4 28. Bxe4 Bxe4 29. Qxe4 Qf6 30. f3 Rbe8 31. Qd3 Re1+ 32. Kf2 Rfe8 33. g3 Qd4+
34. Qxd4 R8e2# 0-1

[Event "Hastings Masters"]
[Site "Hastings, England"]
[Date "2015.01.06"]
[Round "9.38"]
[White "Spanton, Tim R"]
[WhiteElo "2002"]
[Black "Brewer, Callum D"]
[BlackElo "1793"]
[Result "0-1"]

1. c4 Nf6 2. Nc3 e6 3. d4 Bb4 4. Bd2 b6 5. Nf3 Bb7 6. e3 d6 7. Be2 Nbd7 8. O-O
O-O 9. a3 Bxc3 10. Bxc3 Qe7 11. Re1 e5 12. Nd2 Ne4 13. Nxe4 Bxe4 14. f3 Bb7 15.
Qc2 f5 16. Rad1 Rae8 17. b4 Qg5 18. Bd2 Rf6 19. d5 Rh6 20. Bf1 Nf6 21. Bc1 Qh5
22. h3 Qg5 23. f4 Qg3 24. Qxf5 Rg6 25. fxe5 Rxe5 26. Qf4 Qxh3 27. Qh2 Qd7 28.
Rd4 Ng4 29. Qh3 Bc8 30. e4 Qf7 31. Qg3 Nh6 32. Qh4 Bg4 33. Rd3 Bf3 34. Rde3 Bh5
35. Be2 Bxe2 36. R3xe2 Rf6 37. Rd1 Rh5 38. Qg3 Rg6 39. Qc3 Ng4 40. Qf3 Qxf3 41.
gxf3 Ne3+ 0-1

[Event "Hastings Masters"]
[Site "Hastings, England"]
[Date "2015.01.06"]
[Round "9.39"]
[White "Boardman, Jeffrey"]
[WhiteElo "1999"]
[Black "Dennis, Nigel W"]
[BlackElo "1842"]
[Result "1-0"]

1. e4 c5 2. Nf3 d6 3. d4 cxd4 4. Nxd4 Nf6 5. Nc3 e6 6. Bg5 Be7 7. f4 h6 8. Qd2
hxg5 9. fxg5 Nh5 10. h4 a6 11. Rh3 e5 12. Nf5 g6 13. g4 Nf4 14. Nxe7 Qxe7 15.
Rf3 Be6 16. Qf2 Nc6 17. O-O-O Bxg4 18. Rxf4 exf4 19. Nd5 Qe5 20. Nf6+ Kf8 21.
Nxg4 Qxe4 22. Bg2 Qf5 23. Nh6 Qe6 24. Qxf4 Qxa2 25. Bxc6 bxc6 26. Qxd6+ Kg7 27.
Qf6+ Kh7 28. b3 Ra7 29. h5 Qa3+ 30. Kb1 Qe7 31. Ng4 Qxf6 32. Nxf6+ Kg7 33. h6+
Rxh6 34. Ne8+ Kh7 35. gxh6 Kxh6 36. Nf6 g5 37. Rd6 c5 38. c4 a5 39. Ne4+ Kh5
40. Rd5 Re7 41. Nxg5 f5 42. Rxf5 Re3 43. Kb2 Kg4 44. Rxc5 1-0

[Event "Hastings Masters"]
[Site "Hastings, England"]
[Date "2015.01.06"]
[Round "9.40"]
[White "Ramstad, Havard"]
[WhiteElo "2063"]
[Black "McKenna, John R"]
[BlackElo "1722"]
[Result "1-0"]

1. d4 d5 2. c4 c6 3. Nf3 Nf6 4. Nc3 a6 5. e3 b5 6. cxd5 cxd5 7. Bd3 e6 8. O-O
Be7 9. b3 O-O 10. Ne5 Bb7 11. Bb2 Nbd7 12. f4 Qb6 13. Rf3 Rab8 14. Rh3 Nxe5 15.
Bxh7+ Kh8 16. fxe5 Ng8 17. Bc2+ Nh6 18. Qd3 1-0

[Event "Hastings Masters"]
[Site "Hastings, England"]
[Date "2015.01.06"]
[Round "9.41"]
[White "Fleming, Andrew S J"]
[WhiteElo "1928"]
[Black "French, Max"]
[BlackElo "1763"]
[Result "1-0"]

1. Nf3 Nf6 2. g3 b6 3. Bg2 Bb7 4. O-O e6 5. d4 c5 6. c3 Be7 7. Nbd2 O-O 8. Re1
d5 9. Ne5 Nbd7 10. Ndf3 Nxe5 11. Nxe5 Nd7 12. Bf4 Nxe5 13. dxe5 Bg5 14. Qd2
Bxf4 15. Qxf4 Qd7 16. Rad1 Qb5 17. Rd2 Qa5 18. a3 Rfd8 19. c4 Rab8 20. cxd5
Bxd5 21. Red1 b5 22. Bxd5 exd5 23. Rxd5 Rxd5 24. Rxd5 Qe1+ 25. Kg2 Qxe2 26. e6
Rf8 27. exf7+ Kh8 28. Re5 Qd3 29. Re8 Qd5+ 30. f3 1-0